| 000 | 01069nam a22002297a 4500 | ||
|---|---|---|---|
| 005 | 20240530110937.0 | ||
| 008 | 221019s2021 ua bhf f b 000 0 ara d | ||
| 017 |
_a17538/2020 _bمصر. دار الكتب |
||
| 020 | _a9789777283342 | ||
| 040 |
_aEG-CaGPL _cEG-CaGPL |
||
| 082 | 0 | 4 |
_221 _a702.88/ _bأ م |
| 100 | 0 | _aاحمد فتحى الشارونى | |
| 245 | 1 | 2 |
_aالمنهجية العلمية التطبيقية لترميم وصيانة المبانى الاثرية وعناصرها الزخرفية من واقع الخبرات التنفيذية / _cتاليف احمد فتحى الشارونى ؛ تقديم نبيل احمد عبدالتواب |
| 250 | _aالاولى | ||
| 260 |
_aالقاهرة : _bدار الحكمة للطباعة والنشر والتوزيع، _c2021. |
||
| 300 |
_a334 ص. : _bايض ؛ _c24 سم. |
||
| 504 | _aيشتمل على ارجاعات ببليوجرافية | ||
| 650 | 0 | 7 |
_2qrmak _aالمبانى الاثرية _xترميم |
| 651 | _2qrmak | ||
| 942 |
_2ddc _cBK |
||
| 999 |
_c66762 _d66762 |
||